Угадай команду НБА по логотипу - Statistics

General Stats
  • This quiz has been taken 103 times
  • The average score is 22 of 30
Answer Stats
Picture Answer % Correct
Лос-Анджелес Лейкерс
95%
Чикаго Буллз
90%
Мемфис Гриззлис
83%
Милуоки Бакс
82%
Майами Хит
81%
Голден Стэйт Уорриорз
80%
Бостон Селтикс
80%
Индиана Пэйсерс
78%
Юта Джаз
78%
Хьюстон Рокетс
77%
Кливленд Кавальерс
76%
Нью-Йорк Никс
75%
Атланта Хокс
74%
Лос-Анджелес Клипперс
74%
Финикс Санз
74%
Сакраменто Кингз
69%
Миннесота Тимбервулвз
69%
Бруклин Нетс
69%
Шарлотт Хорнетс
69%
Торонто Рэпторс
68%
Нью-Орлеан Пеликанс
67%
Сан-Антонио Спёрс
67%
Детройт Пистонс
67%
Портленд Трэйл Блэйзерс
67%
Даллас Маверикс
66%
Оклахома-Сити Тандер
65%
Денвер Наггетс
65%
Орландо Мэджик
61%
Вашингтон Уизардс
58%
Филадельфия Севенти Сиксерс
50%
No matching quizzes found
Score Distribution
Percent of People with Each Score
Percentile by Number Answered
Your Score History
You have not taken this quiz